Die deutsche Sprache in der Sprachinsellage
| Titel: | Die deutsche Sprache in der Sprachinsellage : Zum Funktionswandel der Sprachkompetenz |
|---|---|
| Verfasser: | |
| In: |
Nationale Identität aus germanistischer Perspektive, (1998), Seite 101-109 alle Artikel anzeigen |
| Veröffentlicht: | 1998 |
| Format: | Aufsatz |
| Sprache: | Deutsch |
X
alg: 39454862 001A $01999:12-11-16 001B $01999:30-05-21 $t14:35:20.000 001D $01999:12-11-16 001U $0utf8 001X $00 002@ $0Aox 003@ $0394548620 007A $0394548620 $aHEB 007T $0Herdww025744 010@ $ager 011@ $a1998 021A $aDie @deutsche Sprache in der Sprachinsellage $dZum Funktionswandel der Sprachkompetenz 028A $aLasatowicz $dMaria Katarzyna 031A $h101-109 $j1998 039B $aIn $8--Aau--. Nationale Identität aus germanistischer Perspektive. - Opole : Wydawn. Uniw. Opolskiego, 1998. - 337 S.. - ISBN 83-87635-13-8 $x199800000000000899 $9067649688 045F $a417.709438 $eDDC23BSB 045F/01 $a417.7 045F/03 $g438 045F/03 $g4385 lok: 39454862 78 exp: 39454862 78 1 #EPN 201B/01 $015-11-18 $t23:00:11.000 201U/01 $0utf8 203@/01 $0790659050 208@/01 $a12-11-16 $be 209A/01 $a/ $f000 $x00 220C/01 $aTitelaufnehmer: ZG 244Z/01 $2Trx $#Silesia $#Śląsk $#Sliezsko $#Slezsko $8--Trx--Schlesien $x01 $9391173987 244Z/01 $2Trx $#Poola $#Lenkija $#Polija $#Polen Land $#Poland $#Lengyelország $#Poľsko $#Polsko $8--Trx--Polska$gkraj $x02 $9391345966 244Z/01 $#Oberschlesien $#Górny Śla̜sk $#Horní Slezsko $74042978-7 $8--Tg1--Oberschlesien $x03 $9085119679 244Z/01 $#Wilmesau $74119110-9 $8--Tg1--Wilamowice $x04 $9085374083 244Z/01 $aGeschichte 1900-1998 $x05 244Z/01 $2Trx $#sakslased $#vokiečiai $#Germans $#németek $#Niemcy narodowość $#Nemci $#Němci $8--Trx--Deutsche $x06 $9391356801 244Z/01 $2Trx $#vähemused, rahvuslikud $#tautinės mažumos $#minorities, national $#kisebbségek, nemzeti $#mniejszości narodowe $#menšiny národnostné $#menšiny národnostní $#Minderheiten, sprachliche $#menšiny, jazykové $8--Trx--Minderheiten, nationale $x07 $9391373978 244Z/01 $2Trx $#keel, saksa $#kalba, vokiečių $#Language, German $#nyelv, német $#język niemiecki $#jazyk nemecký $#jazyk německý $8--Trx--Sprache, deutsche $x08 $9391359223 244Z/01 $2Trx $8--Trx--Einzelbeiträge $x09 $9391384570 245Z/01 $a11.07 $x01 247C/01 $82080>Marburg/Lahn, Herder-Institut, Forschungsbibliothek, Bibliographieportal $9336309341
| LEADER | 00000caa a22000002c 4500 | ||
|---|---|---|---|
| 001 | 394548620 | ||
| 003 | DE-603 | ||
| 005 | 20210530143520.0 | ||
| 007 | tu | ||
| 008 | 161112s1998 xx |||| | u00||u|ger c | ||
| 035 | |a (DE-599)HEB394548620 | ||
| 040 | |a DE-603 |b ger |c DE-603 |d DE-603 | ||
| 041 | |a ger | ||
| 082 | 0 | 4 | |8 1\u |a 417.709438 |q DE-101 |2 23/BSB |
| 085 | |8 1\u |b 417.7 | ||
| 085 | |8 1\u |z 2 |s 438 | ||
| 085 | |8 1\u |z 2 |s 4385 | ||
| 100 | 1 | |a Lasatowicz, Maria Katarzyna | |
| 245 | 0 | 0 | |a Die deutsche Sprache in der Sprachinsellage |b Zum Funktionswandel der Sprachkompetenz |
| 264 | 0 | |c 1998 | |
| 773 | 0 | 8 | |i In |t Nationale Identität aus germanistischer Perspektive |d Opole : Wydawn. Uniw. Opolskiego, 1998 |h 337 S., 23 cm |z 8387635138 |g (1998), Seite 101-109 |w (DE-603)067649688 |
| 924 | 0 | |9 2080 |a (DE-603)790659050 |b DE-2080 |c HES |d d |g / | |


